Szczegóły MARC21

Jakob der Lügner : Roman /

003 -Nazwa inst., której nr kontr. jest w polu 001 [,]
    • @
    • Nazwa instytucji, której n kontrolny jest w polu 001
    • NUKAT
005 -DATA I CZAS OSTATNIEJ MODYFIKACJI [,]
    • @
    • pole kontrolne
    • 20241231102335.0
020 -Międzynarod. znormalizowany nr książki - ISBN [ , ]
    • a
    • Numer ISBN
    • 3518015109 Find
040 -Instytucja sporządzająca opis [ , ]
    • a
    • Instytucja, która sporządziła opis (NP)
    • GD U/AJ
    • c
    • Instytucja, która sporządziła rekord (NP)
    • GD U/AJ
    • d
    • Instytucja, która zmodyfikowała rekord (P)
    • KAT U/46MMs
942 -Rodzaj dokumentu [ , ]
    • c
    • Rodzaj dokumentu
    • Książka
100 -Hasło główne - nazwa osobowa [1, ]
    • a
    • Nazwa osobowa (NP)
    • Becker, Jurek
    • d
    • Daty biograficzne (NP)
    • (1937-1997).
    • 9
    • KHW
    • 229617
240 -Tytuł ujednolicony [1,0]
    • a
    • Tytuł ujednolicony
    • Jakob der Lügner
    • l
    • Język tekstu
    • (niem.)
    • 9
    • KHW
    • 423989
245 -Strefa tytułu i oznaczenia odpowiedzialności [1,0]
    • a
    • Tytuł
    • Jakob der Lügner : Find
    • b
    • Ciąg dalszy tytułu (NP)
    • Roman / Find
    • c
    • Pozostałe elementy strefy tytułu i oznaczenia odpowiedzialności (NP)
    • Jurek Becker.
250 -Strefa wydania [ , ]
    • a
    • Oznaczenie wydania (NP)
    • 15. Aufl.
260 -Strefa adresu wydawniczego [ , ]
    • a
    • Miejsce wydania (P)
    • Frankfurt am Main :
    • b
    • Nazwa wydawcy (P)
    • Suhrkamp Verlag,
    • c
    • Data wydania (P)
    • 1992.
300 -Strefa opisu fizycznego [ , ]
    • a
    • Określenie formy książki i/lub objętość (NP)
    • 282, [1] s ;
    • c
    • Format (NP)
    • 18 cm.
336 -Typ zawartości [ , ]
    • a
    • Termin opisujący typ zawartości
    • Tekst
    • b
    • Kod określający zawartość
    • txt
    • 2
    • Źródło (terminu i kodu)
    • rdacontent
337 -Typ mediów [ , ]
    • a
    • Tryb odtwarzania
    • Bez urządzenia pośredniczącego
    • b
    • Kod typu mediów
    • n
    • 2
    • Źródło (terminu i kodu)
    • rdamedia
338 -Typ/rodzaj nośnika [ , ]
    • a
    • Hasło opisujące typ nośnika
    • Wolumin
    • b
    • Kod typu nośnika
    • nc
    • 2
    • Źródło (terminu i kodu)
    • rdacarrier
380 -Deskryptor - Forma dzieła (P) [ , ]
    • a
    • forma dzieła (NP)
    • Proza
490 -Strefa serii i książki wielotomowej - forma nie do wyszukiwania [1, ]
    • a
    • Tytuł (P)
    • Bibliothek Suhrkamp ; Find
    • v
    • Numeracja (P)
    • Bd. 510
830 -Hasło dodatkowe serii i opisu książki wielotomowej - tytuł ujednolicony/tytuł [ ,0]
    • a
    • Tytuł ujednolicony/tytuł (NP)
    • Bibliothek Suhrkamp
    • v
    • Oznaczenie tomu (NP)
    • Bd. 510
    • 9
    • KHW
    • 395261
500 -Uwaga ogólna [ , ]
    • a
    • Uwaga ogólna (NP)
    • ISBN z obwoluty.
080 -Uniwersalna Klasyfikacja Dziesiętna [ , ]
    • a
    • Symbol klasyfikacji
    • 830-31=30
655 -Hasło w funkcji tematu formalnego [ ,7]
    • a
    • Hasło
    • Powieść niemiecka
    • y
    • Określnik chronologiczny
    • 20 w.
    • 2
    • Źródło terminu
    • kaba
    • 9
    • KHW
    • 187289
655 -Hasło w funkcji tematu formalnego [ ,7]
    • a
    • Hasło
    • Powieść niemiecka
    • y
    • Określnik chronologiczny
    • 1945-1970.
    • 2
    • Źródło terminu
    • kaba
    • 9
    • KHW
    • 358978
980 -Symbol UKD [ , ]
    • a
    • UKD
    • 830-31=30
710 -Hasło dodatkowe - nazwa ciała zbiorowego [2, ]
    • a
    • Nazwa ciała zbiorowego lub nazwa geograficzna jako pierwszy element (NP)
    • Suhrkamp Verlag.
    • 4
    • Kod relacji
    • pbl
    • 9
    • KHW
    • 56105
920 -ISBN [ , ]
    • a
    • ISBN
    • 3-518-01510-9 Find
Numer inwentarzowy Data inwentaryzacji Sygnatura Status udost. Lokalizacja
G.139341998-09-18Germ. Literatura niemiecka-3BM